| 000 | 00550nam a2200181Ia 4500 | ||
|---|---|---|---|
| 005 | 20250923145255.0 | ||
| 008 | 008 250917s9999 xx 000 0 eng d | ||
| 037 | _aTextual | ||
| 040 |
_aDSWL _beng _cDSWL |
||
| 041 |
_aeng _2eng |
||
| 084 |
_aY5927.236rN71, N73 _qDSWL |
||
| 100 |
_aDesai, I.P. _9833566 |
||
| 245 | 0 |
_aUntouchability in Rural Gujrat - A Report _cby I.P. Desai |
|
| 260 |
_aSurat _b Centre for Reg. Dev. Studies _c1973 |
||
| 300 | _a319p. | ||
| 942 |
_cTEXL _hY5927.236rN71, N73 |
||
| 999 |
_c1449316 _d1449316 |
||